[Event "DEM U16 2016"]
[Site "Willingen GER"]
[Date "2016.05.20"]
[Round "8"]
[White "Niermann, Tristan"]
[Black "Bergauz, Noam"]
[Result "0-1"]
[Termination "normal"]
[Board "5"]
[WhiteElo "2025"]
[BlackElo "2301"]
[WhiteClock "00:11:21"]
[BlackClock "00:22:18"]
[PlyCount "58"]
[WhiteFideId "12990698"]
[BlackFideId "12938033"]
[EventCountry "GER"]
[EventRounds "9"]
[EventType "swiss"]
[EventDate "2016.05.14"]

1. d4 Nf6 2. c4 g6 3. f3 Bg7 4. e4 d6 5. Nc3 O-O 6. Be3 a6 7. Nge2 Nc6 8. Qd2
Rb8 9. Rb1 b5 10. cxb5 axb5 11. b4 e5 12. d5 Ne7 13. Nc1 Bd7 14. Nb3 c6 15.
dxc6 Bxc6 16. Na5 Ba8 17. Nxb5 d5 18. Bc5 Re8 19. Rd1 Nc6 20. Nxc6 Bxc6 21. Nd6
Re7 22. exd5 Ba4 23. Bc4 Bxd1 24. Qxd1 Rd7 25. Nb5 Nxd5 26. Qb3 Nf4 27. Qc2
Nxg2+ 28. Qxg2 Qh4+ 29. Qf2 Qxc4 0-1

[Event "DEM U16 2016"]
[Site "Willingen GER"]
[Date "2016.05.20"]
[Round "8"]
[White "Spitzl, Vinzent"]
[Black "Pallas, Sebastian"]
[Result "1/2-1/2"]
[Termination "normal"]
[Board "6"]
[WhiteElo "2253"]
[BlackElo "2225"]
[WhiteClock "00:05:45"]
[BlackClock "00:14:26"]
[PlyCount "248"]
[WhiteFideId "12901253"]
[BlackFideId "12905453"]
[EventCountry "GER"]
[EventRounds "9"]
[EventType "swiss"]
[EventDate "2016.05.14"]

1. e4 c5 2. Nf3 d6 3. d4 cxd4 4. Nxd4 Nf6 5. f3 e6 6. c4 Be7 7. Nc3 O-O 8. Be3
a6 9. Qd2 Qc7 10. Be2 Nbd7 11. O-O b6 12. a4 Bb7 13. a5 Rac8 14. Nb3 Rfe8 15.
Na4 bxa5 16. Nxa5 Ba8 17. b4 Rb8 18. Rfc1 Rec8 19. c5 dxc5 20. Nxc5 Nxc5 21.
bxc5 Rd8 22. Qc2 Qe5 23. Nc4 Qc7 24. Nb6 Nd7 25. Nxd7 Rxd7 26. Bxa6 Bc6 27.
Rab1 Ra8 28. Bb5 Bd8 29. Bxc6 Qxc6 30. Qb3 Rc8 31. Rd1 Rxd1+ 32. Rxd1 Be7 33.
Rc1 f6 34. Kf1 Kf7 35. Ke2 Rc7 36. Rc2 Rb7 37. Qc4 Ra7 38. Kf2 Ra4 39. Qb3 Ra6
40. Qb4 Qc7 41. Qc4 Qc6 42. Qb4 Qc7 43. Qb5 Rc6 44. g3 Qc8 45. Kg2 Qa8 46. Bf2
Qc8 47. Qc4 Qb7 48. Ra2 Qc7 49. Rc2 Qb7 50. Kg1 Qb1+ 51. Rc1 Qb2 52. f4 g6 53.
Rc2 Qb1+ 54. Kg2 Qb7 55. h3 Kg7 56. Kh2 Qc7 57. Qb5 Kf7 58. Kg2 Qd7 59. g4 f5
60. Qc4 fxe4 61. Qxe4 Qd5 62. Qxd5 exd5 63. Bd4 Ke6 64. Kf3 Kd7 65. Ke3 Bf6 66.
Ra2 Be7 67. Rc2 Bf6 68. Bxf6 Rxf6 69. Ra2 Rf8 70. Ra7+ Kc6 71. Rxh7 Kxc5 72.
Rc7+ Kd6 73. Rg7 Rf6 74. h4 Kc5 75. Rc7+ Kd6 76. Rh7 Kc5 77. g5 Re6+ 78. Kd3
Ra6 79. h5 gxh5 80. f5 Ra3+ 81. Ke2 Rg3 82. Rxh5 Kd6 83. Kf2 Rg4 84. Kf3 Rg1
85. f6 Ke6 86. Kf4 Rf1+ 87. Ke3 Rg1 88. Kd4 Rd1+ 89. Kc5 Rc1+ 90. Kd4 Rd1+ 91.
Ke3 Rg1 92. Kf3 Rf1+ 93. Kg2 Rf5 94. Kg3 Re5 95. Kf4 Re4+ 96. Kf3 Re5 97. Kg4
Re4+ 98. Kg3 Re5 99. f7 Ke7 100. Kf4 Re4+ 101. Kf5 Kxf7 102. Rh7+ Kg8 103. Rd7
Ra4 104. Rd6 Kg7 105. Rd7+ Kg8 106. Rxd5 Ra6 107. Rd7 Rb6 108. Kg4 Ra6 109. Kh5
Rb6 110. Ra7 Rc6 111. Ra4 Kg7 112. Rf4 Ra6 113. Rc4 Rb6 114. Rc7+ Kg8 115. Kg4
Rb4+ 116. Kf5 Rb5+ 117. Kg6 Rb6+ 118. Kh5 Ra6 119. g6 Ra1 120. Rc5 Rh1+ 121.
Kg5 Kg7 122. Rc7+ Kg8 123. Rh7 Rxh7 124. gxh7+ Kxh7 1/2-1/2

[Event "DEM U16 2016"]
[Site "Willingen GER"]
[Date "2016.05.20"]
[Round "8"]
[White "Kololli, Kevin"]
[Black "Martin, Julian"]
[Result "1/2-1/2"]
[Termination "normal"]
[Board "7"]
[WhiteElo "2164"]
[BlackElo "2325"]
[WhiteClock "00:59:24"]
[BlackClock "00:08:24"]
[PlyCount "111"]
[WhiteFideId "12936863"]
[BlackFideId "12941000"]
[EventCountry "GER"]
[EventRounds "9"]
[EventType "swiss"]
[EventDate "2016.05.14"]

1. e4 {[%clk 1:30:57]} c5 {[%clk 1:30:57]} 2. Nf3 {[%clk 1:31:21]} Nc6 {[%clk
1:31:16]} 3. c3 {[%clk 1:31:46]} d5 {[%clk 1:31:43]} 4. exd5 {[%clk 1:32:11]}
Qxd5 {[%clk 1:32:11]} 5. d4 {[%clk 1:32:32]} Bg4 {[%clk 1:32:37]} 6. Be2 {[%clk
1:32:57]} cxd4 {[%clk 1:33:01]} 7. cxd4 {[%clk 1:33:22]} e6 {[%clk 1:33:26]} 8.
O-O {[%clk 1:33:45]} Nf6 {[%clk 1:33:52]} 9. Be3 {[%clk 1:34:06]} Be7 {[%clk
1:34:17]} 10. Nc3 {[%clk 1:34:30]} Qd6 {[%clk 1:34:41]} 11. h3 {[%clk 1:34:55]}
Bh5 {[%clk 1:35:09]} 12. Qb3 {[%clk 1:35:18]} O-O {[%clk 1:35:10]} 13. Rfd1
{[%clk 1:35:42]} Rfd8 {[%clk 1:34:43]} 14. a3 {[%clk 1:36:05]} a6 {[%clk
1:31:03]} 15. Rac1 {[%clk 1:36:27]} h6 {[%clk 1:31:29]} 16. Na4 {[%clk
1:27:04]} Rab8 {[%clk 1:19:30]} 17. Nc5 {[%clk 1:25:44]} Nd5 {[%clk 1:19:14]}
18. Ne4 {[%clk 1:20:12]} Qc7 {[%clk 1:15:51]} 19. Nc5 {[%clk 1:17:13]} Nf4
{[%clk 1:06:06]} 20. Bxf4 {[%clk 1:12:39]} Qxf4 {[%clk 1:06:28]} 21. Qe3 {[%clk
1:11:45]} Qd6 {[%clk 0:29:14]} 22. Ne4 {[%clk 1:09:07]} Qd5 {[%clk 0:29:10]}
23. Bc4 {[%clk 1:06:59]} Qa5 {[%clk 0:29:06]} 24. b4 {[%clk 1:06:59]} Qb6
{[%clk 0:28:56]} 25. d5 {[%clk 1:05:28]} Qxe3 {[%clk 0:28:34]} 26. fxe3 {[%clk
1:05:53]} Bxf3 {[%clk 0:17:32]} 27. gxf3 {[%clk 1:06:09]} Ne5 {[%clk 0:17:45]}
28. d6 {[%clk 1:05:26]} Bf8 {[%clk 0:18:07]} 29. Be2 {[%clk 1:02:40]} f5 {[%clk
0:16:03]} 30. f4 {[%clk 1:02:40]} Nc6 {[%clk 0:14:33]} 31. Nc5 {[%clk 1:03:01]}
Rxd6 {[%clk 0:11:20]} 32. Rxd6 {[%clk 1:02:34]} Bxd6 {[%clk 0:11:45]} 33. Nxb7
{[%clk 1:02:50]} Rxb7 {[%clk 0:06:10]} 34. Rxc6 {[%clk 1:03:12]} Rd7 {[%clk
0:06:14]} 35. Bc4 {[%clk 1:03:00]} Kf7 {[%clk 0:06:21]} 36. e4 {[%clk 1:00:49]}
fxe4 {[%clk 0:05:42]} 37. Rxa6 {[%clk 0:58:58]} Ke7 {[%clk 0:05:19]} 38. Bb5
{[%clk 0:56:53]} Rc7 {[%clk 0:05:14]} 39. Bc6 {[%clk 0:57:17]} Bxf4 {[%clk
0:04:15]} 40. a4 {[%clk 0:56:25]} Be3+ {[%clk 0:04:16]} 41. Kf1 {[%clk
0:56:48]} Ra7 {[%clk 0:04:21]} 42. Rxa7+ {[%clk 0:57:11]} Bxa7 {[%clk 0:04:47]}
43. a5 {[%clk 0:57:31]} Bd4 {[%clk 0:05:10]} 44. b5 {[%clk 0:57:33]} Bc3 {[%clk
0:05:32]} 45. a6 {[%clk 0:57:57]} Bd4 {[%clk 0:05:59]} 46. Bxe4 {[%clk
0:58:20]} Kd6 {[%clk 0:06:12]} 47. Ke2 {[%clk 0:58:33]} Kc7 {[%clk 0:06:18]}
48. Kd3 {[%clk 0:58:45]} Bb6 {[%clk 0:06:45]} 49. Bc6 {[%clk 0:58:32]} Kb8
{[%clk 0:06:52]} 50. Ke4 {[%clk 0:58:53]} Ka7 {[%clk 0:07:06]} 51. Ke5 {[%clk
0:59:13]} Bg1 {[%clk 0:07:28]} 52. Kd6 {[%clk 0:58:45]} Bf2 {[%clk 0:07:31]}
53. Ke7 {[%clk 0:58:50]} Be3 {[%clk 0:07:56]} 54. Kf7 {[%clk 0:59:10]} Bd4
{[%clk 0:08:20]} 55. h4 {[%clk 0:59:06]} Kb6 {[%clk 0:08:24]} 56. h5 {[%clk
0:59:24]} 1/2-1/2

[Event "DEM U16 2016"]
[Site "Willingen GER"]
[Date "2016.05.20"]
[Round "8"]
[White "Oberhofer, Cédric"]
[Black "Fieberg, Samuel"]
[Result "1/2-1/2"]
[Termination "normal"]
[Board "8"]
[WhiteElo "2090"]
[BlackElo "2176"]
[WhiteClock "00:22:50"]
[BlackClock "00:08:05"]
[PlyCount "82"]
[WhiteFideId "12941220"]
[BlackFideId "12901717"]
[EventCountry "GER"]
[EventRounds "9"]
[EventType "swiss"]
[EventDate "2016.05.14"]

1. e4 c5 2. Nf3 Nc6 3. d4 cxd4 4. Nxd4 e5 5. Nb5 a6 6. Nd6+ Bxd6 7. Qxd6 Qe7 8.
Qd1 Nf6 9. Nc3 d6 10. Bc4 Be6 11. Bb3 h6 12. Be3 O-O 13. O-O Rac8 14. Qd2 Qc7
15. f3 Na5 16. Rfd1 Rfd8 17. Na4 Nxb3 18. cxb3 Qc2 19. Nc3 Qxd2 20. Rxd2 Kf8
21. b4 Bc4 22. Rad1 Ke7 23. f4 Ng4 24. Bb6 Rd7 25. h3 Nf6 26. Be3 exf4 27. Bxf4
Rc6 28. Kf2 Be6 29. Rd4 Ne8 30. R1d2 f6 31. h4 g5 32. Be3 Rc4 33. Rxc4 Bxc4 34.
b3 Be6 35. b5 axb5 36. Nxb5 d5 37. exd5 Rxd5 38. Rxd5 Bxd5 39. Nc3 Bc6 40. a4
Ke6 41. hxg5 Ke5 1/2-1/2

[Event "DEM U16 2016"]
[Site "Willingen GER"]
[Date "2016.05.20"]
[Round "8"]
[White "Degenhard, Simon"]
[Black "Ovsepyan, Arshak"]
[Result "1/2-1/2"]
[Termination "normal"]
[Board "9"]
[WhiteElo "1967"]
[BlackElo "2158"]
[WhiteClock "00:12:21"]
[BlackClock "00:52:39"]
[PlyCount "143"]
[WhiteFideId "12944017"]
[BlackFideId "24690236"]
[EventCountry "GER"]
[EventRounds "9"]
[EventType "swiss"]
[EventDate "2016.05.14"]

1. Nf3 Nf6 2. d4 e6 3. e3 b6 4. Bd3 Bb7 5. b3 d5 6. Bb2 Bd6 7. Nbd2 O-O 8. O-O
c5 9. Ne5 Nc6 10. a3 Rc8 11. f4 Ne7 12. Rf3 c4 13. bxc4 dxc4 14. Ndxc4 Bxf3 15.
Qxf3 b5 16. Nxd6 Qxd6 17. g4 Nd7 18. Qh3 f5 19. Nf3 Nb6 20. gxf5 exf5 21. Ne5
Nc4 22. Bxc4+ bxc4 23. c3 Ng6 24. a4 Nxe5 25. fxe5 Qg6+ 26. Qg3 Qc6 27. Qg2 Qe4
28. Qxe4 fxe4 29. Ba3 Rf3 30. Re1 Rb8 31. Bb4 Rb6 32. Bd6 Kf7 33. d5 Ke8 34.
Bc5 Rg6+ 35. Kh1 Rg5 36. Bd6 Rgf5 37. Kg1 Rg5+ 38. Kh1 Kd7 39. Rb1 Rxe3 40. Bc5
Rd3 41. e6+ Kc7 42. d6+ Rxd6 43. Bxd6+ Kxd6 44. e7 Re5 45. Kg2 e3 46. Kf1 Rxe7
47. Ke2 Kc6 48. Rb4 Re4 49. a5 g6 50. a6 Re7 51. Rxc4+ Kb5 52. Rb4+ Kxa6 53. c4
Ka5 54. Rb5+ Ka4 55. h4 a5 56. h5 gxh5 57. Rxh5 Re4 58. Rxh7 Kb4 59. Ra7 a4 60.
Ra8 Re5 61. c5 Rxc5 62. Kxe3 Kb3 63. Kd2 a3 64. Rb8+ Ka2 65. Rb7 Rh5 66. Kc2
Rh2+ 67. Kc1 Rb2 68. Rc7 Rb1+ 69. Kc2 Rb6 70. Rc8 Rh6 71. Rc7 Rh2+ 72. Kc1
1/2-1/2

[Event "DEM U16 2016"]
[Site "Willingen GER"]
[Date "2016.05.20"]
[Round "8"]
[White "Kitze, Alexander"]
[Black "Lagunow, Raphael"]
[Result "1/2-1/2"]
[Termination "normal"]
[Board "10"]
[WhiteElo "2231"]
[BlackElo "2311"]
[WhiteClock "00:15:32"]
[BlackClock "00:42:07"]
[PlyCount "54"]
[WhiteFideId "12914827"]
[BlackFideId "24652644"]
[EventCountry "GER"]
[EventRounds "9"]
[EventType "swiss"]
[EventDate "2016.05.14"]

1. e4 c5 2. Nf3 Nc6 3. d4 cxd4 4. Nxd4 Nf6 5. Nc3 e5 6. Ndb5 d6 7. Bg5 a6 8.
Na3 b5 9. Bxf6 gxf6 10. Nd5 Bg7 11. c3 f5 12. exf5 Bxf5 13. Nc2 O-O 14. Nce3
Be6 15. Bd3 f5 16. O-O Ra7 17. a4 Ne7 18. Nxe7+ Rxe7 19. axb5 axb5 20. Ra6 d5
21. Bxb5 f4 22. Rxe6 Rxe6 23. Qxd5 Qxd5 24. Nxd5 e4 25. Nxf4 Rxf4 26. Bc4 Kf7
27. Re1 Ke7 1/2-1/2

[Event "DEM U16 2016"]
[Site "Willingen GER"]
[Date "2016.05.20"]
[Round "8"]
[White "Wiesner, Alexander"]
[Black "Ravina, David"]
[Result "0-1"]
[Termination "normal"]
[Board "11"]
[WhiteElo "1832"]
[BlackElo "2129"]
[WhiteClock "00:04:19"]
[BlackClock "00:40:20"]
[PlyCount "62"]
[WhiteFideId "12943991"]
[BlackFideId "12921858"]
[EventCountry "GER"]
[EventRounds "9"]
[EventType "swiss"]
[EventDate "2016.05.14"]

1. d4 Nf6 2. c4 c5 3. d5 b5 4. Nf3 g6 5. Bg5 Ne4 6. Nbd2 Nxg5 7. Nxg5 d6 8. e4
Bg7 9. cxb5 O-O 10. Nc4 a6 11. a4 Bb7 12. Nf3 Nd7 13. Nfd2 Qc7 14. Be2 axb5 15.
axb5 e6 16. dxe6 fxe6 17. Bg4 Rae8 18. O-O d5 19. Na5 Bxb2 20. Ra2 Bd4 21. Nxb7
Qxb7 22. Nb3 e5 23. Nxd4 exd4 24. Bxd7 Qxd7 25. b6 Rxe4 26. Ra7 Qb5 27. b7 d3
28. Qa1 Rb8 29. Qa2 c4 30. Rb1 d2 31. Rf1 Re1 0-1

[Event "DEM U16 2016"]
[Site "Willingen GER"]
[Date "2016.05.20"]
[Round "8"]
[White "Tiarks, Jann-Christian"]
[Black "Savchenko, Daniel"]
[Result "1/2-1/2"]
[Termination "normal"]
[Board "12"]
[WhiteElo "1983"]
[BlackElo "1955"]
[WhiteClock "00:12:23"]
[BlackClock "00:12:15"]
[PlyCount "65"]
[WhiteFideId "12951595"]
[BlackFideId "12919195"]
[EventCountry "GER"]
[EventRounds "9"]
[EventType "swiss"]
[EventDate "2016.05.14"]

1. e4 c5 2. Nc3 a6 3. a4 e6 4. f4 Nc6 5. Nf3 d5 6. d3 Be7 7. Be2 Rb8 8. O-O b5
9. axb5 axb5 10. Ne5 Nxe5 11. fxe5 Bg5 12. Ra7 Nh6 13. d4 O-O 14. dxc5 b4 15.
Nb5 Bxc1 16. Qxc1 Qe8 17. Nd6 Qc6 18. Qe3 dxe4 19. g4 Ra8 20. Rfa1 Rxa7 21.
Rxa7 Qd5 22. Rc7 Ba6 23. Bxa6 Qd1+ 24. Kg2 Qxg4+ 25. Qg3 Qd1 26. Nxe4 Qxc2+ 27.
Nf2 Nf5 28. Bd3 Qxb2 29. Bxf5 exf5 30. e6 fxe6 31. Qf4 Qc3 32. Qd6 Qf6 33. Rb7
1/2-1/2

[Event "DEM U16 2016"]
[Site "Willingen GER"]
[Date "2016.05.20"]
[Round "8"]
[White "Piskaykin, Bogdan"]
[Black "Silber, Kevin"]
[Result "1-0"]
[Termination "normal"]
[Board "13"]
[WhiteElo "1869"]
[BlackElo "1956"]
[WhiteClock "00:01:57"]
[BlackClock "00:02:00"]
[PlyCount "77"]
[WhiteFideId "12941212"]
[BlackFideId "12930440"]
[EventCountry "GER"]
[EventRounds "9"]
[EventType "swiss"]
[EventDate "2016.05.14"]

1. e4 e5 2. Nf3 Nc6 3. Bc4 Bc5 4. c3 Nf6 5. d3 d6 6. O-O a6 7. Bb3 Ba7 8. Re1
O-O 9. h3 h6 10. Be3 Bxe3 11. fxe3 d5 12. exd5 Nxd5 13. Nbd2 Nf6 14. Bc2 Qe7
15. a4 Kh8 16. b4 g5 17. Qb1 Rg8 18. d4 Nd5 19. Qb2 g4 20. hxg4 Bxg4 21. Be4
Rad8 22. b5 Nb8 23. Nxe5 Bh3 24. c4 Nf6 25. Bf3 Nbd7 26. Nd3 Nb6 27. a5 Bxg2
28. Bxg2 Rxg2+ 29. Kxg2 Rg8+ 30. Kf1 Ng4 31. d5+ Kh7 32. Qd4 Qh4 33. Ke2 Qh5
34. Nf4 Qh2+ 35. Kd1 Re8 36. Ne6 Nf2+ 37. Kc2 fxe6 38. axb6 exd5 39. Qf4 1-0

[Event "DEM U16 2016"]
[Site "Willingen GER"]
[Date "2016.05.20"]
[Round "8"]
[White "Schlick, Stefan"]
[Black "Zimmer, Luca"]
[Result "1-0"]
[Termination "normal"]
[Board "14"]
[WhiteElo "1918"]
[BlackElo "1598"]
[WhiteClock "00:12:47"]
[BlackClock "00:06:05"]
[PlyCount "79"]
[WhiteFideId "16211332"]
[BlackFideId "12921424"]
[EventCountry "GER"]
[EventRounds "9"]
[EventType "swiss"]
[EventDate "2016.05.14"]

1. d4 e6 2. c4 f5 3. Nf3 Nf6 4. Nc3 c6 5. Bf4 d5 6. e3 Be7 7. Bd3 O-O 8. Qc2
Ne4 9. g4 Na6 10. a3 Qa5 11. Ke2 Bd7 12. Rhg1 Kh8 13. gxf5 exf5 14. Ne5 Be6 15.
c5 Qd8 16. f3 Ng5 17. Bxa6 bxa6 18. Nxc6 Qd7 19. Nxe7 Nh3 20. Bd6 Nxg1+ 21.
Rxg1 Rfe8 22. Nexd5 Rac8 23. Nf4 Bc4+ 24. Kf2 Qb7 25. b4 Qf7 26. Be5 Rg8 27. d5
Rcd8 28. Ne6 Rxd5 29. Nxd5 Qxe6 30. Qxc4 Qxe5 31. Nf4 Qb2+ 32. Kg3 g5 33. Nd3
f4+ 34. Kh3 Qe2 35. Qd4+ Rg7 36. Qd8+ Rg8 37. Qf6+ Rg7 38. Qf8+ Rg8 39. Qf6+
Rg7 40. Rxg5 1-0

[Event "DEM U16 2016"]
[Site "Willingen GER"]
[Date "2016.05.21"]
[Round "9"]
[White "Polster, Christian"]
[Black "Urban, Konstantin"]
[Result "1/2-1/2"]
[Termination "normal"]
[Board "1"]
[WhiteElo "2150"]
[BlackElo "2242"]
[WhiteClock "00:29:39"]
[BlackClock "00:39:39"]
[PlyCount "90"]
[WhiteFideId "12965081"]
[BlackFideId "12927511"]
[EventCountry "GER"]
[EventRounds "9"]
[EventType "swiss"]
[EventDate "2016.05.14"]

1. e4 c6 2. Nc3 d5 3. Nf3 dxe4 4. Nxe4 Nf6 5. Nxf6+ exf6 6. d4 Bd6 7. Be2 O-O
8. O-O Re8 9. Re1 Nd7 10. Bd3 Nf8 11. h3 Be6 12. c4 Qd7 13. Bd2 Ng6 14. Qb3
Rad8 15. Rad1 Bc7 16. Bf1 b6 17. Qc3 Qd6 18. Bc1 Bf5 19. g3 h5 20. h4 Bg4 21.
Bg2 Kh7 22. Rxe8 Rxe8 23. Re1 Rxe1+ 24. Nxe1 c5 25. dxc5 Qxc5 26. Be3 Qf5 27.
Qc2 Qa5 28. b4 Qxb4 29. Nd3 Qe7 30. Nf4 Bxf4 31. Bxf4 Qe1+ 32. Kh2 Qe2 33. Qxe2
Bxe2 34. Bb8 a6 35. Bd5 Kg8 36. Bd6 Ne5 37. c5 bxc5 38. Bxc5 Bc4 39. Bb7 Nd3
40. Bd4 Kf8 41. Kg2 Ne1+ 42. Kg1 Ke7 43. a3 Kd6 44. Bc3 Nd3 45. Bf3 Nc1 1/2-1/2

[Event "DEM U16 2016"]
[Site "Willingen GER"]
[Date "2016.05.21"]
[Round "9"]
[White "Bergauz, Noam"]
[Black "Buckels, Valentin"]
[Result "0-1"]
[Termination "normal"]
[Board "3"]
[WhiteElo "2301"]
[BlackElo "2240"]
[WhiteClock "00:03:32"]
[BlackClock "00:06:34"]
[PlyCount "76"]
[WhiteFideId "12938033"]
[BlackFideId "12942766"]
[EventCountry "GER"]
[EventRounds "9"]
[EventType "swiss"]
[EventDate "2016.05.14"]

1. e4 e5 2. Nf3 Nc6 3. d4 exd4 4. Nxd4 Nf6 5. Nxc6 bxc6 6. e5 Qe7 7. Qe2 Nd5 8.
c4 Ba6 9. b3 O-O-O 10. Bb2 Qg5 11. Nd2 Bb4 12. a3 Nf4 13. Qe3 Bxd2+ 14. Qxd2
Nxg2+ 15. Bxg2 Qxg2 16. O-O-O Bb7 17. Qf4 Qh3 18. Qg3 Qf5 19. Qxg7 Qxf2 20. Qg3
Qxg3 21. hxg3 c5 22. Rh4 Rhg8 23. Rg1 h5 24. Rxh5 Be4 25. Rh4 Bf5 26. Bc3 Rde8
27. Rf4 Rg5 28. Rf3 Be6 29. Re3 Rh8 30. Re2 Rh3 31. Be1 Kb7 32. Rgg2 Rhh5 33.
Bc3 Rh1+ 34. Kb2 Rh3 35. Re3 Rf5 36. Ree2 Rf3 37. Be1 Rh1 38. Ref2 Rxf2+ 0-1

[Event "DEM U16 2016"]
[Site "Willingen GER"]
[Date "2016.05.21"]
[Round "9"]
[White "Kololli, Martin"]
[Black "Spitzl, Vinzent"]
[Result "1/2-1/2"]
[Termination "normal"]
[Board "4"]
[WhiteElo "2259"]
[BlackElo "2253"]
[WhiteClock "00:45:21"]
[BlackClock "00:42:24"]
[PlyCount "45"]
[WhiteFideId "12936910"]
[BlackFideId "12901253"]
[EventCountry "GER"]
[EventRounds "9"]
[EventType "swiss"]
[EventDate "2016.05.14"]

1. g3 d5 2. f4 Nf6 3. Nf3 e6 4. Bg2 b6 5. O-O Bb7 6. b3 Nbd7 7. Bb2 Be7 8. e3
O-O 9. Qe2 Ne4 10. d3 Nd6 11. Nbd2 c5 12. Ne5 f6 13. Nef3 f5 14. Ne5 Nxe5 15.
Bxe5 Bf6 16. Nf3 Nf7 17. Bxf6 Qxf6 18. d4 Rac8 19. c3 Rc7 20. Rac1 Rfc8 21. Qb2
Ba6 22. Rfd1 Qe7 23. Ne5 1/2-1/2

[Event "DEM U16 2016"]
[Site "Willingen GER"]
[Date "2016.05.21"]
[Round "9"]
[White "Pallas, Sebastian"]
[Black "Schmidek, Emil"]
[Result "0-1"]
[Termination "normal"]
[Board "5"]
[WhiteElo "2225"]
[BlackElo "2242"]
[WhiteClock "00:26:24"]
[BlackClock "00:06:19"]
[PlyCount "62"]
[WhiteFideId "12905453"]
[BlackFideId "12908150"]
[EventCountry "GER"]
[EventRounds "9"]
[EventType "swiss"]
[EventDate "2016.05.14"]

1. e4 e5 2. Nc3 Nf6 3. g3 d5 4. exd5 Nxd5 5. Bg2 Nxc3 6. bxc3 Nc6 7. Ne2 Bc5 8.
O-O O-O 9. Rb1 Qd6 10. d3 f5 11. Kh1 f4 12. gxf4 exf4 13. Bxf4 Rxf4 14. Nxf4
Qxf4 15. Qh5 Bf5 16. Rb5 g6 17. Qf3 Qxf3 18. Bxf3 Bb6 19. Kg2 Re8 20. Rbb1 Kg7
21. Rbe1 Rf8 22. Bxc6 bxc6 23. Re5 Kf6 24. Rfe1 Rf7 25. c4 Bd4 26. R5e2 Bd7 27.
Re4 c5 28. f3 a5 29. Rc1 Bc3 30. Rb1 a4 31. Rb7 Kg7 0-1

[Event "DEM U16 2016"]
[Site "Willingen GER"]
[Date "2016.05.21"]
[Round "9"]
[White "Rieß, Alexander"]
[Black "Niermann, Tristan"]
[Result "1/2-1/2"]
[Termination "normal"]
[Board "6"]
[WhiteTitle "FM"]
[WhiteElo "2205"]
[BlackElo "2025"]
[WhiteClock "00:20:42"]
[BlackClock "00:09:48"]
[PlyCount "47"]
[WhiteFideId "12953326"]
[BlackFideId "12990698"]
[EventCountry "GER"]
[EventRounds "9"]
[EventType "swiss"]
[EventDate "2016.05.14"]

1. d4 d5 2. c4 c6 3. Nf3 Nf6 4. Nc3 dxc4 5. a4 Bf5 6. Ne5 Nbd7 7. Nxc4 Qc7 8.
g3 e5 9. dxe5 Nxe5 10. Bf4 Nfd7 11. Bg2 f6 12. O-O g5 13. Bxe5 Nxe5 14. Nxe5
Qxe5 15. a5 a6 16. Qb3 O-O-O 17. Rfc1 Be6 18. Qa4 Rd4 19. Qc2 Bb4 20. b3 Rhd8
21. Na4 Rd2 22. Qxh7 Qxe2 23. Rf1 Bg8 24. Qg6 1/2-1/2

[Event "DEM U16 2016"]
[Site "Willingen GER"]
[Date "2016.05.21"]
[Round "9"]
[White "Fieberg, Samuel"]
[Black "Kololli, Kevin"]
[Result "0-1"]
[Termination "normal"]
[Board "7"]
[WhiteElo "2176"]
[BlackElo "2164"]
[WhiteClock "00:03:38"]
[BlackClock "01:42:38"]
[PlyCount "138"]
[WhiteFideId "12901717"]
[BlackFideId "12936863"]
[EventCountry "GER"]
[EventRounds "9"]
[EventType "swiss"]
[EventDate "2016.05.14"]

1. e4 c5 2. Nf3 Nc6 3. d4 cxd4 4. Nxd4 Nf6 5. Nc3 g6 6. Be2 Bg7 7. Be3 d6 8.
O-O O-O 9. f4 Qb6 10. Qd3 Ng4 11. Nd5 Bxd4 12. Bxg4 Bxe3+ 13. Qxe3 Qxe3+ 14.
Nxe3 Bxg4 15. Nxg4 Rfc8 16. Rfd1 Na5 17. Ne3 Nc4 18. Nd5 Kf8 19. b3 e6 20. Nf6
Ne3 21. Rxd6 Kg7 22. e5 Rxc2 23. g3 Rg2+ 24. Kh1 Re2 25. Rc1 Rc8 26. Rdd1 Rxc1
27. Rxc1 Rxa2 28. h4 Nf5 29. Rc8 Nxg3+ 30. Kg1 Ne2+ 31. Kh1 Nxf4 32. Rg8+ Kh6
33. Rh8 g5 34. h5 Nxh5 35. Rxh7+ Kg6 36. Rxh5 Re2 37. Rh3 Rxe5 38. Ng4 Re1+ 39.
Kg2 f5 40. Nf2 Rb1 41. Rc3 Rb2 42. Kg3 e5 43. Nd3 Re2 44. Nc5 e4 45. Nxb7 Kh5
46. Rc5 f4+ 47. Kh3 Re3+ 48. Kg2 Rxb3 49. Nd6 Rb2+ 50. Kh3 Re2 51. Re5 Re3+ 52.
Kg2 Kg4 53. Kf2 Rf3+ 54. Ke2 Re3+ 55. Kf2 Rf3+ 56. Ke2 Ra3 57. Nxe4 f3+ 58. Kf2
Kf4 59. Re7 Ra2+ 60. Kf1 Re2 61. Nc3 Rxe7 62. Nd5+ Ke4 63. Nxe7 a5 64. Nc6 a4
65. Nb4 a3 66. Kf2 g4 67. Na2 Kf4 68. Nb4 g3+ 69. Kf1 Kg4 0-1

[Event "DEM U16 2016"]
[Site "Willingen GER"]
[Date "2016.05.21"]
[Round "9"]
[White "Ovsepyan, Arshak"]
[Black "Oberhofer, Cédric"]
[Result "1/2-1/2"]
[Termination "normal"]
[Board "8"]
[WhiteElo "2158"]
[BlackElo "2090"]
[WhiteClock "01:09:49"]
[BlackClock "00:50:30"]
[PlyCount "42"]
[WhiteFideId "24690236"]
[BlackFideId "12941220"]
[EventCountry "GER"]
[EventRounds "9"]
[EventType "swiss"]
[EventDate "2016.05.14"]

1. d4 Nf6 2. c4 g6 3. Nc3 d5 4. Nf3 Bg7 5. cxd5 Nxd5 6. e4 Nxc3 7. bxc3 c5 8.
Be2 O-O 9. O-O Nc6 10. Be3 cxd4 11. cxd4 b6 12. Rc1 Bb7 13. d5 Ne5 14. Bd4
Nxf3+ 15. Bxf3 Rc8 16. Bxg7 Kxg7 17. Rxc8 Qxc8 18. Qc1 Qxc1 19. Rxc1 Rc8 20.
Rxc8 Bxc8 21. Kf1 Kf6 1/2-1/2

[Event "DEM U16 2016"]
[Site "Willingen GER"]
[Date "2016.05.21"]
[Round "9"]
[White "Ravina, David"]
[Black "Degenhard, Simon"]
[Result "1-0"]
[Termination "normal"]
[Board "9"]
[WhiteElo "2129"]
[BlackElo "1967"]
[WhiteClock "00:19:14"]
[BlackClock "00:16:46"]
[PlyCount "53"]
[WhiteFideId "12921858"]
[BlackFideId "12944017"]
[EventCountry "GER"]
[EventRounds "9"]
[EventType "swiss"]
[EventDate "2016.05.14"]

1. e4 c5 2. Nf3 e6 3. b3 b6 4. d4 cxd4 5. Nxd4 Bb7 6. Nc3 Bb4 7. Ndb5 Nc6 8.
Bb2 Nf6 9. Nd6+ Bxd6 10. Qxd6 Qb8 11. Ba3 Qxd6 12. Bxd6 Ne7 13. f3 a6 14. O-O-O
Nc8 15. Bb4 Kd8 16. h4 Kc7 17. h5 h6 18. e5 Ne8 19. Rh4 d6 20. Rhd4 d5 21. Rf4
f6 22. Re1 Kd7 23. g3 Ne7 24. Na4 Nc8 25. Bh3 f5 26. g4 fxg4 27. Rf7+ 1-0

[Event "DEM U16 2016"]
[Site "Willingen GER"]
[Date "2016.05.21"]
[Round "9"]
[White "Martin, Julian"]
[Black "Kitze, Alexander"]
[Result "1-0"]
[Termination "normal"]
[Board "10"]
[WhiteElo "2325"]
[BlackElo "2231"]
[WhiteClock "00:03:58"]
[BlackClock "00:01:35"]
[PlyCount "55"]
[WhiteFideId "12941000"]
[BlackFideId "12914827"]
[EventCountry "GER"]
[EventRounds "9"]
[EventType "swiss"]
[EventDate "2016.05.14"]

1. e4 c5 2. Nf3 d6 3. d4 cxd4 4. Nxd4 Nf6 5. Nc3 a6 6. Be3 e6 7. Qf3 Nbd7 8.
Be2 Qc7 9. g4 b5 10. g5 b4 11. gxf6 bxc3 12. fxg7 Bxg7 13. b3 Bb7 14. Rg1 Bf6
15. Qh5 Bxd4 16. Bxd4 e5 17. Be3 Bxe4 18. O-O-O Qa5 19. Kb1 Rb8 20. Bd3 Bd5 21.
Bf5 Nf6 22. Qh4 Nd7 23. Qh6 Qa3 24. Bc1 Qc5 25. Rg3 Nb6 26. Rgd3 Kd8 27. Qf6+
Kc7 28. Be3 1-0